00511nam a2200193 a 4500001001300000003000900013005001700022008004100039020000800080082001800088100002300106245005300129260003900182300000900221500003500230505001000265650001900275700002300294nice12345678IN_TiNIC20260116011447.0050524s1931 lona grp 000 0 eng  ac000a266.0954bMCL aMcleish, Alexander aFrontier Peoples of Indiab a Missionary Survey. aLondonbWorld Dominion Pressc1931 a202p aincludes index and biblioraphy2 aIndex aMissions-India1 aMcleish, Alexander